000 00756cam a2200217 a 4500
001 000008661
005 20200929161359.0
008 861106s1986 ck f001 1 spa
020 _z9043321
040 _aDO-SdBNP
_bspa
_cLC
_dBNPHU
082 _aC863.44
_bM516c
100 1 _aMejía Vallejo, Manuel.
_923098
245 1 0 _aCuentos de zona torrida :
_by las noches de la vigilia /
_cManuel Mejía Vallejo.
260 _aBogotá :
_bProcultura ;
_bPresidencia de la República,
_c1986.
300 _a255 p. ;
_c25 cm.
490 1 _aNueva Biblioteca de Cultura Colombiana
650 4 _aCuentos colombianos
_921475
650 4 _aLiteratura colombiana
_91244
830 0 _aNueva Biblioteca de Cultura Colombiana
_923099
910 _aCatalogación por copia / LC
999 _c8431
_d8431